Hodnotenie kvality vzdelávania v podniku dizertačná práca

Salvato in:
Dettagli Bibliografici
Autore principale: Krištofík, Stanislav, 1959-
Ente Autore: Fakulta podnikového manažmentu EU. Katedra manažmentu
Altri autori: Matulčíková, Marta, 1964-
Natura: Libro
Lingua:slovacco
Pubblicazione: Bratislava 2013
Soggetti:
Tags: Aggiungi Tag
Nessun Tag, puoi essere il primo ad aggiungerne!!

MARC

LEADER 00000nbm a2200000 4500
001 0176243
005 20240502073014.5
041 0 |a slo 
044 |a SK 
245 1 0 |a Hodnotenie kvality vzdelávania v podniku  |b dizertačná práca  |c Stanislav Krištofík ; školiteľ: Marta Matulčíková 
264 1 |a Bratislava  |c 2013 
300 |a 134 s. 
610 2 0 |a vzdelávanie 
610 2 0 |a vzdelávanie ďalšie 
610 2 0 |a vzdelávanie dospelých 
610 2 0 |a podnik 
610 2 0 |a kvalita vzdelávania 
100 1 |a Krištofík, Stanislav, 1959- 
700 1 |a Matulčíková, Marta, 1964- 
710 2 |a Fakulta podnikového manažmentu EU. Katedra manažmentu